| 000 | 01185nam a22001817a 4500 | ||
|---|---|---|---|
| 999 |
_c63239 _d63239 |
||
| 003 | Ge_BSU | ||
| 005 | 20250702164200.0 | ||
| 008 | 250702s1970 ge ||||| |||| 00| 0 geo d | ||
| 041 | _ageo | ||
| 080 | _a331.103.3 ხ-94 | ||
| 100 |
_aხურციძე, ნიჟა, _925585 |
||
| 245 |
_aშრომისა და საზოგადოებრივი საკუთრებისადმი კომუნისტური დამოკიდებულების აღზრდის შესახებ / _cნიჟა ხურციძე. |
||
| 264 |
_aთბილისი : _bსაქ. კპ ცკ-ის გამ-ბა, _c1970. |
||
| 300 |
_a115 გვ. ; _b20 სმ. |
||
| 440 |
_aიდეოლოგიური მუშაობის საკითხები _925600 |
||
| 653 | _aშრომისადმი კომუნისტური დამოკიდებულების აღზრდა. საზოგადოებრივი საკუთრებისადმი კომუნისტური დამოკიდებულების აღზრდა. | ||
| 942 |
_2udc _cᲬᲘᲒᲜᲘ |
||